The Beatles-Match The Lyric To The Song (Sgt. Pepper and MMT) - Statistics

General Stats
  • This quiz has been taken 59 times
  • The average score is 16 of 24
Answer Stats
Hint Answer % Correct
You say why, and I say I don't know Hello, Goodbye
92%
Everyone smiles as you drift past the flowers Lucy In The Sky With Diamonds
82%
Nobody was really sure if he was from the House of Lords A Day In The Life
79%
A pretty nurse is selling poppies from a tray Penny Lane
76%
Quietly turning the back door key She's Leaving Home
76%
The man of a thousand voices is talking perfectly loud The Fool On The Hill
76%
Would you believe in a love at first sight? With A Little Help From My Friends
76%
Elementary penguin singing Hare Krishna, man, you should have seen them kicking Edgar Allan Poe I Am The Walrus
74%
Took her out and tried to win her Lovely Rita
74%
Doing the garden, digging the weeds When I'm Sixty-Four
71%
Having been some days in preparation
a splendid time is guaranteed for all
Being For The Benefit Of Mr. Kite!
68%
N/A Flying
68%
We were talking about the space between us all Within You Without You
68%
We'd like to take you home with us Sgt. Pepper's Lonely Hearts Club Band
66%
No where you can be that isn't where you're meant to be All You Need Is Love
63%
Man, I was mean but I'm changing my scene Getting Better
63%
Satisfaction guaranteed Magical Mystery Tour
63%
That is you can't, you know, tune in but it's all right Strawberry Fields Forever
63%
It's getting very near the end Sgt. Pepper's Lonely Hearts Club Band (Reprise)
55%
Watching the skirts you start to flirt Good Morning, Good Morning
50%
Lift up your hearts and sing me a song Your Mother Should Know
50%
Now it's past my bed I know, and I'd really like to go Blue Jay Way
47%
Tuned to a natural E Baby, You're A Rich Man
32%
Silly people run around Fixing A Hole
32%
No matching quizzes found
Score Distribution
Percent of People with Each Score
Percentile by Number Answered
Your Score History
You have not taken this quiz